| 000 | 00764nam a2200253Ia 4500 | ||
|---|---|---|---|
| 003 | OSt | ||
| 005 | 20220924114600.0 | ||
| 006 | a|||||r|||| 00| 0 | ||
| 007 | ta | ||
| 008 | 220923b |||||||| |||| 00| 0 ger d | ||
| 024 | _a138157 | ||
| 037 | _cTextual | ||
| 040 |
_aARTS _cARTS _bger |
||
| 041 |
_2ger _ager |
||
| 082 | _aY:393, M5 | ||
| 100 |
_aDiok Teun A Van Ed _9174359 |
||
| 245 | 0 |
_aDiscourse and communication _bNew approaches to the analysis of mass media discourse and communcation |
|
| 260 |
_aBerlin _bWalter Ds Gruyter _c1985 |
||
| 300 |
_aviii, 367p. _ccm. |
||
| 490 | _aResearch in text theory; 10 | ||
| 500 | _aBibliography p351-356 | ||
| 942 |
_hY:393, M5 _cTEXL _2CC |
||
| 999 |
_c394296 _d394296 |
||